<El> Alcance del acoso sexual en el trabajo en España / (Record no. 8543)

MARC details
000 -LEADER
campo de control de longitud fija 01229nam a2200373Ia 4500
001 - NÚMERO DE CONTROL
campo de control 013016
008 - DATOS DE LONGITUD FIJA--INFORMACIÓN GENERAL
campo de control de longitud fija 221003s2000 xx 000 0 spa d
035 ## - NÚMERO DE CONTROL DEL SISTEMA
Número de control de sistema CENDO_8544
041 ## - CÓDIGO DE IDIOMA
Código de lengua del texto/banda sonora o título independiente spa
084 ## - OTRO NÚMERO DE CLASIFICACIÓN
Número de clasificación CD-01336
110 ## - ENTRADA PRINCIPAL--NOMBRE DE ENTIDAD CORPORATIVA
Nombre de entidad corporativa o nombre de jurisdicción como elemento de entrada GEA 21
Sede del congreso/Lugar de la reunión Madrid
9 (RLIN) 8628
245 #0 - MENCIÓN DEL TÍTULO
Título <El> Alcance del acoso sexual en el trabajo en España /
Mención de responsabilidad, etc. Secretaría Confederal de la Mujer de CCOO
260 ## - PUBLICACIÓN, DISTRIBUCIÓN, ETC.
Lugar de publicación, distribución, etc. Madrid :
Nombre del editor, distribuidor, etc. Secretaría Confederal de la Mujer de CCOO,
Fecha de publicación, distribución, etc. 2000
300 ## - DESCRIPCIÓN FÍSICA
Extensión 112 p. : tab. ;
Dimensiones 30 cm
650 ## - PUNTO DE ACCESO ADICIONAL DE MATERIA--TÉRMINO DE MATERIA
Término de materia o nombre geográfico como elemento de entrada MUJERES
9 (RLIN) 199
650 ## - PUNTO DE ACCESO ADICIONAL DE MATERIA--TÉRMINO DE MATERIA
Término de materia o nombre geográfico como elemento de entrada ACOSO SEXUAL
9 (RLIN) 1670
650 ## - PUNTO DE ACCESO ADICIONAL DE MATERIA--TÉRMINO DE MATERIA
Término de materia o nombre geográfico como elemento de entrada ESPAÑA
9 (RLIN) 9
650 #0 - PUNTO DE ACCESO ADICIONAL DE MATERIA--TÉRMINO DE MATERIA
Término de materia o nombre geográfico como elemento de entrada TRABAJADORAS
9 (RLIN) 27153
700 ## - ENTRADA AGREGADA--NOMBRE PERSONAL
Nombre de persona PERNAS, Begoña
9 (RLIN) 8629
700 ## - ENTRADA AGREGADA--NOMBRE PERSONAL
Nombre de persona OLZA, Josefina
9 (RLIN) 8630
700 ## - ENTRADA AGREGADA--NOMBRE PERSONAL
Nombre de persona ROMAN, MartaLIGERO, Juan
9 (RLIN) 8632
700 1# - ENTRADA AGREGADA--NOMBRE PERSONAL
Nombre de persona MORENO PRECIADO, Rita
9 (RLIN) 396
710 ## - ENTRADA AGREGADA--NOMBRE DE ENTIDAD CORPORATIVA
Nombre de entidad corporativa o nombre de jurisdicción como elemento de entrada CCOO
Unidad subordinada Confederación Sindical
-- Secretaría de la Mujer
9 (RLIN) 398
710 ## - ENTRADA AGREGADA--NOMBRE DE ENTIDAD CORPORATIVA
Nombre de entidad corporativa o nombre de jurisdicción como elemento de entrada FUNDACION 1º DE MAYO
Sede del congreso/Lugar de la reunión Madrid
9 (RLIN) 329
710 ## - ENTRADA AGREGADA--NOMBRE DE ENTIDAD CORPORATIVA
Nombre de entidad corporativa o nombre de jurisdicción como elemento de entrada INSTITUTO DE LA MUJER
Sede del congreso/Lugar de la reunión España
9 (RLIN) 2132
710 ## - ENTRADA AGREGADA--NOMBRE DE ENTIDAD CORPORATIVA
Nombre de entidad corporativa o nombre de jurisdicción como elemento de entrada COMUNIDADES EUROPEAS
Unidad subordinada Comisión
-- Secretaría General
9 (RLIN) 2209
856 ## - LOCALIZACIÓN Y ACCESO ELECTRÓNICOS
Identificador Uniforme de Recursos <a href="https://docpublicos.ccoo.es/cendoc/013016AcosoSexualTrabajo.pdf">https://docpublicos.ccoo.es/cendoc/013016AcosoSexualTrabajo.pdf</a>
Nota pública PDF
901 ## - ELEMENTOS DE DATOS A LOCAL LDA (RLIN)
a 2
903 ## - ELEMENTOS DE DATOS C LOCAL, LDC (RLIN)
a NO
904 ## - ELEMENTOS DE DATOS D LOCAL, LDD (RLIN)
a 000
910 ## - DATOS DE OPCIÓN DEL USUARIO (OCLC)
Datos de opción del usuario 2000
942 ## - ELEMENTOS DE ENTRADA SECUNDARIOS (KOHA)
Tipo de ítem Koha Monografía
Fuente del sistema de clasificación o colocación Clasificación Decimal Dewey
Holdings
Estatus retirado Estado de pérdida Estado de daño No para préstamo Biblioteca de origen Biblioteca actual Fecha de adquisición Total de préstamos Signatura topográfica completa Código de barras Visto por última vez Precio de reemplazo Tipo de ítem Koha
        CENDO CENDO 16/01/2001   CD-01336 CENDO_8544 05/10/2022 05/10/2022 Monografía